Catálogo de la Biblioteca Horacio González - Universidad Nacional de General Sarmiento

Domingo Faustino Sarmiento : (Registro nro. 6996)

Detalles MARC
000 -CABECERA
campo de control de longitud fija 00994nam a22002890a 4500
001 - NÚMERO DE CONTROL
campo de control PT2962
003 - IDENTIFICADOR DEL NÚMERO DE CONTROL
campo de control AR-LpoUNG
005 - FECHA Y HORA DE LA ÚLTIMA TRANSACCIÓN
campo de control 20210131230931.0
008 - DATOS DE LONGITUD FIJA--INFORMACIÓN GENERAL
campo de control de longitud fija 191001s1997||||ag |||||||||||||||||spa d
020 ## - NÚMERO INTERNACIONAL ESTÁNDAR DEL LIBRO
Número Internacional Estándar del Libro 9505572220
Condiciones de disponibilidad $14
040 ## - FUENTE DE LA CATALOGACIÓN
Centro catalogador/agencia de origen AR-LpoUNG
Lengua de catalogación spa
Centro/agencia transcriptor AR-LpoUNG
Normas de descripción aacr
041 ## - CÓDIGO DE LENGUA
Código de lengua del texto/banda sonora o título independiente spa
044 ## - CÓDIGO DEL PAÍS DE LA ENTIDAD EDITORA/PRODUCTORA
Código MARC del país ag
082 0# - NÚMERO DE LA CLASIFICACIÓN DECIMAL DEWEY
Número de clasificación 982.092 748do
100 1# - ENTRADA PRINCIPAL--NOMBRE DE PERSONA
Nombre de persona Botana, Natalio R.
245 10 - MENCIÓN DE TÍTULO
Título Domingo Faustino Sarmiento :
Resto del título una aventura republicana
250 ## - MENCIÓN DE EDICIÓN
Mención de edición 2da. reimpr.
260 ## - PUBLICACIÓN, DISTRIBUCIÓN, ETC.
Lugar de publicación, distribución, etc. Buenos Aires :
Nombre del editor, distribuidor, etc. Fondo de Cultura Económica,
Fecha de publicación, distribución, etc. 1997.
300 ## - DESCRIPCIÓN FÍSICA
Extensión 111 p. :
Otras características físicas fot.
520 ## - SUMARIO, ETC.
Sumario, etc. <p>El autor traza en este ensayo los razgos principales de la vida, la obra y el pensamient de Domingo Faustino Sarmiento. Surge así la imágen de un Sarmiento alejado de la tradicional concepción historiográfica liberal, mas humano y menos escolarizado.</p>
650 #4 - PUNTO DE ACCESO ADICIONAL DE MATERIA--TÉRMINO DE MATERIA
Término de materia o nombre geográfico como elemento de entrada ANALISIS HISTORICO
650 #4 - PUNTO DE ACCESO ADICIONAL DE MATERIA--TÉRMINO DE MATERIA
Término de materia o nombre geográfico como elemento de entrada ARGENTINA
650 #4 - PUNTO DE ACCESO ADICIONAL DE MATERIA--TÉRMINO DE MATERIA
Término de materia o nombre geográfico como elemento de entrada HISTORIA
651 #4 - PUNTO DE ACCESO ADICIONAL DE MATERIA--NOMBRE GEOGRÁFICO
Nombre geográfico Argentina
905 ## - ELEMENTOS DE DATOS E LOCAL, LDE (RLIN)
a 2962
942 ## - ELEMENTOS DE PUNTO DE ACCESO ADICIONAL (KOHA)
Tipo de ítem Koha Libro
Existencias
Estado de retiro Estado de pérdida Estado dañado No para préstamo Código de colección Localización permanente Ubicación/localización actual Fecha de adquisición Total de préstamos Signatura topográfica completa Código de barras Fecha visto por última vez Precio válido a partir de Tipo de ítem Koha
        Colección General Biblioteca Universidad Nacional de General Sarmiento Biblioteca Universidad Nacional de General Sarmiento 31/01/2021   982.092 748do 00006166 31/01/2021 31/01/2021 Libro
        Colección General Biblioteca Universidad Nacional de General Sarmiento Biblioteca Universidad Nacional de General Sarmiento 31/01/2021   982.092 748do 00006167 31/01/2021 31/01/2021 Libro
        Colección General Biblioteca Universidad Nacional de General Sarmiento Biblioteca Universidad Nacional de General Sarmiento 31/01/2021   982.092 748do 00006168 31/01/2021 31/01/2021 Libro
        Colección General Biblioteca Universidad Nacional de General Sarmiento Biblioteca Universidad Nacional de General Sarmiento 31/01/2021   982.092 748do S00006169 31/01/2021 31/01/2021 Lectura en Sala